NBA Top Scorers Per Team Per Decade - Statistics

General Stats
  • This quiz has been taken 2,549 times
    171 since last reset
  • The average score is 100 of 170
Answer Stats
Team Decade Player % Correct
Cavaliers, Lakers 2000s, 2010s, 2020s LeBron James
100%
Pelicans 2000s David West
98%
Timberwolves 1990s Doug West
98%
Lakers 2000s, 2010s Kobe Bryant
98%
Bucks, Lakers 1970s, 1980 Kareem Abdul-Jabbar
97%
Bucks 2010s, 2020s Giannis Antetokounmpo
96%
Nuggets, Knicks 2000s, 2010s Carmelo Anthony
95%
Hornets 1990s Dell Curry
95%
Warriors 2010s, 2020s Stephen Curry
95%
Celtics 2020s Jayson Tatum
94%
76ers 2020s Joel Embiid
94%
Celtics 1980s Larry Bird
94%
Rockets 2010s James Harden
92%
Bulls 1980s, 1990s Michael Jordan
92%
Nuggets 2020s Nikola Jokić
92%
76ers 2000s Allen Iverson
91%
Knicks 2020s Jalen Brunson
91%
Wizards 2010s John Wall
91%
Clippers 2020s Kawhi Leonard
91%
Mavericks 2020s Luka Dončić
91%
Celtics 2000s, 2010s Paul Pierce
91%
Thunder 2010s Russell Westbrook
91%
Suns 2010s, 2020s Devin Booker
90%
Mavericks 2000s, 2010s Dirk Nowitzki
90%
Heat 2000s, 2010s Dwyane Wade
90%
Kings 1980s Eddie Johnson
90%
Hawks 2000s Joe Johnson
90%
Spurs 2020s Keldon Johnson
90%
Suns 1990s Kevin Johnson
90%
Thunder 2020s Shai Gilgeous-Alexander
90%
76ers 2010s Thaddeus Young
90%
Spurs 2000s Tim Duncan
90%
Hawks 2020s Trae Young
90%
Pelicans 2010s Anthony Davis
89%
Pistons 2020s Cade Cunningham
89%
Trail Blazers 2010s, 2020s Damian Lillard
89%
Pistons 1980s Isiah Thomas
89%
Wizards 1980s Jeff Malone
89%
Jazz 1990s, 2000s Karl Malone
89%
Suns 1980s Walter Davis
89%
Warriors 1960s Wilt Chamberlain
89%
76ers 1980s Julius Erving
88%
Timberwolves 2000s Kevin Garnett
87%
Knicks 1990s Patrick Ewing
86%
Timberwolves 2020s Anthony Edwards
84%
Raptors 2010s DeMar DeRozan
84%
Bulls 2010s Derrick Rose
84%
Rockets 1980s, 1990s Hakeem Olajuwon
84%
Heat 1980s* Kevin Edwards
84%
Trail Blazers 1990s Clifford Robinson
82%
Spurs 1990s David Robinson
82%
Bucks 1990s Glenn Robinson
82%
Pacers 2000s Jermaine O'Neal
82%
Clippers 2010s Blake Griffin
81%
Wizards 2020s Bradley Beal
81%
Kings 2020s De'Aaron Fox
81%
Pacers 2010s Paul George
81%
Pacers 1990s Reggie Miller
81%
76ers 1970s Fred Carter
80%
Thunder 1990s Gary Payton
80%
Hornets 2010s Kemba Walker
80%
Nets 2000s Vince Carter
80%
Spurs 2010s Tony Parker
79%
Pelicans 2000s Chris Paul
78%
Grizzlies 2010s Marc Gasol
77%
Grizzlies 2000s Pau Gasol
77%
Lakers 1960s Elgin Baylor
76%
Celtics 1970s John Havlicek
75%
Heat 2020s Bam Adebayo
74%
Nets 1980s Buck Williams
74%
Hawks 1980s, 1990s Dominique Wilkins
74%
Pacers 1980s Herb Williams
74%
Wizards 1990s Juwan Howard
74%
Kings 1960s Oscar Robertson
74%
Magic 2000s Tracy McGrady
74%
Bulls 2020s Zach LaVine
74%
Raptors 2020s Pascal Siakam
72%
Celtics 1950s Bob Cousy
71%
Grizzlies 2020s Jaren Jackson Jr.
70%
Hawks 1950s, 1960s Bob Pettit
69%
Knicks 1970s Walt Frazier
69%
Warriors 1970s Rick Barry
67%
Nuggets 1980s Alex English
64%
Raptors 1990s Damon Stoudamire
64%
Kings 2010s DeMarcus Cousins
64%
Spurs 1970s*, 1980s George Gervin
64%
Warriors 1990s Chris Mullin
63%
Cavaliers 2020s Darius Garland
63%
Rockets 2000s Yao Ming
63%
Nets 2010s Brook Lopez
62%
Celtics 1960s Sam Jones
62%
Rockets 2020s Jalen Green
61%
Raptors 2000s Chris Bosh
58%
Magic 2020s Franz Wagner
57%
Bulls 1970s Bob Love
56%
Hornets 2000s Gerald Wallace
56%
Hornets 2020s Miles Bridges
56%
Trail Blazers 2000s Rasheed Wallace
56%
Knicks 1960s Willis Reed
56%
Pelicans 2020s Brandon Ingram
55%
Pistons 1990s Joe Dumars
55%
Wizards 1970s Elvin Hayes
54%
Hawks 2010s Al Horford
52%
Pistons 2010s Andre Drummond
51%
Cavaliers 1970s Bingo Smith
51%
Pacers 2020s Myles Turner
51%
Clippers 1970s Randy Smith
51%
Pistons 2000s Richard Hamilton
51%
Cavaliers 1990s Mark Price
49%
Kings 2000s Peja Stojaković
49%
Nuggets 1970s* David Thompson
46%
Magic 2010s Nikola Vučević
46%
Suns 2000s Shawn Marion
46%
Timberwolves 2010s Andrew Wiggins
44%
Nets 1970s* Bernard King
44%
Jazz 1970s Pete Maravich
43%
Heat 1990s Glen Rice
41%
Jazz 1980s Adrian Dantley
39%
Bucks 2000s Michael Redd
39%
Bucks 1980s Sidney Moncrief
39%
76ers 1950s Dolph Schayes
37%
Jazz 2010s Gordon Hayward
37%
76ers 1960s Hal Greer
37%
Thunder 1970s Fred Brown
36%
Suns, Lakers 1960s*, 1970s Gail Goodrich
36%
Mavericks 1980s Mark Aguirre
36%
Warriors 1950s Paul Arizin
36%
Clippers 2000s Elton Brand
35%
Nets 2020s Nic Claxton
34%
Lakers 1990s Vlade Divac
33%
Pistons 1970s Bob Lanier
32%
Kings 1990s Mitch Richmond
32%
Thunder 1980s Jack Sikma
31%
Rockets 1970s Calvin Murphy
30%
Bulls 2000s Ben Gordon
29%
Thunder 2000s Rashard Lewis
29%
Celtics 1990s Reggie Lewis
29%
Jazz 2020s Jordan Clarkson
28%
Warriors 2000s Jason Richardson
27%
Grizzlies 1990s Shareef Abdur-Rahim
26%
Wizards 2000s Antawn Jamison
24%
Magic 1990s Nick Anderson
24%
Knicks 2000s Allan Houston
20%
Bulls 1960s Bob Boozer
20%
Kings 1970s Tiny Archibald
20%
Hawks 1970s Lou Hudson
19%
Nuggets 2010s Ty Lawson
19%
Wizards 1960s Walt Bellamy
19%
Cavaliers 1980s World B. Free
19%
Lakers 1950s Vern Mikkelsen
18%
Nets 1990s Derrick Coleman
14%
Clippers 1990s Danny Manning
11%
Mavericks 1990s Derek Harper
11%
Pistons 1950s George Yardley
9%
Clippers 1980s Norm Nixon
9%
Trail Blazers 1980s Jim Paxson
8%
Nuggets 1990s Mahmoud Abdul-Rauf
7%
Knicks 1980s Bill Cartwright
6%
Knicks 1950s Carl Braun
6%
Suns 1970s Dick Van Arsdale
6%
Hornets 1980s* Kelly Tripucka
6%
Warriors 1980s Purvis Short
6%
76ers 1990s Clarence Weatherspoon
5%
Trail Blazers 1970s Geoff Petrie
5%
Pistons 1960s Bailey Howell
4%
Kings 1950s Bobby Wanzer
2%
Bucks 1960s* Jon McGlocklin
2%
Thunder 1960s* Bob Rule
1%
Rockets 1960s* Don Kojis
1%
Pacers 1970s* Ricky Sobers
0%
No matching quizzes found
Score Distribution
Percent of People with Each Score
Percentile by Number Answered
Your Score History
You have not taken this quiz since the last reset